书目信息 |
| 题名: |
物理污染控制工程
|
|
| 作者: | 杜翠凤 , 宋波 , 蒋仲安 编著 | |
| 分册: | ||
| 出版信息: | 北京 冶金工业出版社 2010.01 |
|
| 页数: | 214页 | |
| 开本: | 26cm | |
| 丛书名: | ||
| 单 册: | ||
| 中图分类: | X12 | |
| 科图分类: | ||
| 主题词: | 环境物理学 | |
| 电子资源: | ||
| ISBN: | 978-7-5024-5120-2 | |
| 000 | 00902nam0 2200277 450 | |
| 001 | 012010608913 | |
| 005 | 20100617161834.59 | |
| 009 | 012004439686 | |
| 010 | @a978-7-5024-5120-2@dCNY30.00 | |
| 100 | @a20100515d2010 em y0chiy0110 ea | |
| 101 | 0 | @achi |
| 102 | @aCN@b110000 | |
| 105 | @aa a 000yy | |
| 200 | 1 | @a物理污染控制工程@Awu li wu ran kong zhi gong cheng@f杜翠凤, 宋波, 蒋仲安编著@Fdu cui feng,song bo,jiang zhong an bian zhu |
| 210 | @a北京@c冶金工业出版社@d2010.01 | |
| 215 | @a214页@c图@d26cm | |
| 300 | @a高等学校规划教材 | |
| 320 | @a有书目 (第214页) | |
| 330 | @a本书共分为十三章,包括声学基础知识、噪声评价及标准、环境噪声控制方法、吸声、隔声等相关知识。 | |
| 606 | 0 | @a环境物理学 |
| 690 | @aX12@v4 | |
| 701 | 0 | @a杜翠凤@Adu cui feng@4编著 |
| 701 | 0 | @a宋波@Asong bo@4编著 |
| 701 | 0 | @a蒋仲安@Ajiang zhong an@4编著 |
| 801 | 0 | @aCN@c20100515 |
| 905 | @dX12@eD800@f3 | |
| 物理污染控制工程/杜翠凤, 宋波, 蒋仲安编著.-北京:冶金工业出版社,2010.01 |
| 214页:图;26cm |
| 高等学校规划教材 |
| ISBN 978-7-5024-5120-2:CNY30.00 |
| 本书共分为十三章,包括声学基础知识、噪声评价及标准、环境噪声控制方法、吸声、隔声等相关知识。 |
| ● |
| 相关链接 |
|
|
|
正题名:物理污染控制工程
索取号:X12/D800
 
预约/预借
| 序号 | 登录号 | 条形码 | 馆藏地/架位号 | 状态 | 备注 |